000 00527nam a22001937a 4500
003 OSt
005 20170206182442.0
008 170206b xxu||||| |||| 00| 0 eng d
020 _a0340676787
040 _cDNLM
082 _aWW100 M2938 1998
100 _aMalhotra,Raman;Easty,David;
_911497
245 _aRevision in Sciences Basic to Opthalmology.
260 _aNew York.
_bAnold.
_c1998.
300 _axi,243p;
_bill;
_c24cm.
504 _aBibliography and index.
650 _aOpthtalmology.
_911498
942 _2z
_cO_SHELF
999 _c5510
_d5510